Nazwij pasujący powiat na podstawie województwa i wskazówki - Statystyki

Ogólne statystyki
  • Ten quiz został rozwiązany 160 razy
  • Średni wynik to 8 z 16
Statystyki odpowiedzi
Podaj powiat... Powiat % Poprawnych
zaczynający się na literę A aleksandrowski
89%
graniczący z miastem Łódź łódzki wschodni | pabianicki | zgierski
77%
nie graniczący z innym województwem ani państwem krapkowicki | miasto Opole | opolski
75%
nazywający się tak samo, jak powiat z innego województwa grodziski | nowodworski | ostrowski
60%
z powierzchnią powyżej 1500 km² kłodzki
56%
w którym znajduje się pierwsza stolica Polski gnieźnieński
53%
przez który nie przepływa ani rzeka Odra ani Warta strzelecko-drezdenecki | świebodziński | żagański | żarski
51%
graniczący z Zalewem Wiślanym braniewski | elbląski
50%
ze stopniem urbanizacji poniżej 15% brzozowski | kolbuszowski | krośnieński | przemyski | rzeszowski | strzyżowski
47%
w którym mieszka mniej niż 50 tysięcy osób miechowski | proszowicki
46%
w którym siedziba powiatu nie jest jego największym miastem opolski | rycki
44%
powiat ziemski, w którym nie ma żadnego jeziora z powierzchnią powyżej 100 ha malborski | nowodworski | pucki | tczewski
41%
przez który przepływa rzeka Bug siemiatycki | wysokomazowiecki
40%
nie będący miastem na prawach powiatu, z gęstością zaludnienia powyżej 400 os/km² będziński | mikołowski | wodzisławski
31%
na terenie którego znajduje się jedno z 5 największych jezior w Polsce miasto Szczecin | pyrzycki | stargardzki
29%
w którym znajduje się najmniejsze miasto w Polsce pod względem ludności kazimierski
23%
Nie znaleziono quizów pasujących do podanych kryteriów
Rozkład punktacji
Procent ludzi z każdym wynikiem
Percentyl według liczby udzielonych odpowiedzi
Twoja historia wyników
Nie rozwiązałeś tego quizu